MARC

Tag First Indicator Second Indicator Subfields
LEADER 00000cam a2200000M 4500
001 in00000061856
005 20240625160504.0
007 ta
008 830415s1956 enk b 001 0 eng
010 |a  56004171  
015 |a GB5608372  |2 bnb 
015 |a B5608372 
016 7 |a 009646498  |2 Uk 
019 |a 1036120  |a 869810028  |a 903403176  |a 976721411  |a 993310586  |a 1086967881  |a 1087176928  |a 1153421895  |a 1167182483  |a 1221541781  |a 1277106678 
029 1 |a AU@  |b 000004180139 
029 1 |a AU@  |b 000025023160 
029 1 |a AU@  |b 000026312174 
029 1 |a AU@  |b 000026439287 
029 1 |a DEBSZ  |b 011083573 
029 1 |a GBVCP  |b 195275985 
029 1 |a HEBIS  |b 056577982 
029 1 |a NZ1  |b 3992765 
029 1 |a NZ1  |b 624910 
029 1 |a UKMGB  |b 009646498 
035 |a (OCoLC)ocm10451027  
035 |a (OCoLC)10451027  |z (OCoLC)1036120  |z (OCoLC)869810028  |z (OCoLC)903403176  |z (OCoLC)976721411  |z (OCoLC)993310586  |z (OCoLC)1086967881  |z (OCoLC)1087176928  |z (OCoLC)1153421895  |z (OCoLC)1167182483  |z (OCoLC)1221541781  |z (OCoLC)1277106678 
035 |a (OCoLC)ocm10451027  
040 |a DLC  |b eng  |c MNU  |d UKM  |d OCLCQ  |d NLGGC  |d LVB  |d STF  |d CNTRU  |d NIALS  |d QE2  |d TULIB  |d PHA  |d GBVCP  |d OCLCF  |d OCLCQ  |d OCLCA  |d OCLCQ  |d SFR  |d DHA  |d PAU  |d OCLCQ  |d UKMGB  |d TXI  |d OCLCQ  |d VXL  |d OCLCO  |d OCLCA  |d UWW  |d LUN  |d IL4J6  |d YBM  |d OCLCO  |d OCL  |d ZIH  |d OCLCO  |d OCLCL  |d OCLCQ  |d OCLCL  |d WIP 
041 1 |a eng  |h und 
050 0 0 |a BC135  |b .T35 
082 0 0 |a 164 
084 |a 08.33  |2 bcl 
084 |a 31.10  |2 bcl 
096 |a BC 135 .T3 1956 
100 1 |a Tarski, Alfred,  |d 1901-1983.  |1 https://id.oclc.org/worldcat/entity/E39PBJcKHmdpxmd8dq3xRc3hHC 
245 1 0 |a Logic, semantics, metamathematics :  |b papers from 1923 to 1938 /  |c Alfred Tarski, translated by J.H. Woodger. 
260 |a Oxford,  |b Clarendon Press,  |c 1956. 
300 |a xiv, 471 pages  |c 23 cm 
336 |a text  |b txt  |2 rdacontent 
337 |a unmediated  |b n  |2 rdamedia 
338 |a volume  |b nc  |2 rdacarrier 
504 |a Includes bibliographical references (pages 456-462) and indexes. 
505 2 |a On the primitive term of logistic -- Foundations of the geometry of solids -- On some fundamental concepts of metamathematics -- Investigations into the sentential calculus -- Fundamental concepts of the methodology of the deductive sciences -- On definable sets of real numbers -- Logical operations and projective sets -- The concept of truth in formalized languages -- Some observations on the concepts of omega-consistency and omega-completeness -- Some methodological investigations on the definability of concepts -- On the foundations of boolean algebra -- Foundations of the calculus of systems -- On the limitations of the means of expression of deductive theories -- On extensions of incomplete systems of the sentential calculus -- The establishment of scientific semantics -- On the concept of logical consequence -- Sentential calculus and topology. 
650 0 |a Logic, Symbolic and mathematical. 
650 0 |a Semantics (Philosophy) 
650 0 |a Mathematics. 
650 0 |a Philosophy. 
650 0 |a Logic. 
650 0 |a Semantics. 
650 2 |a Mathematics 
650 2 |a Philosophy 
650 2 |a Logic 
650 2 |a Semantics 
650 6 |a Logique symbolique et mathématique. 
650 6 |a Sémantique (Philosophie) 
650 6 |a Mathématiques. 
650 6 |a Philosophie. 
650 6 |a Logique. 
650 6 |a Sémantique. 
650 7 |a philosophy.  |2 aat 
650 7 |a logic.  |2 aat 
650 7 |a semantics.  |2 aat 
650 7 |a Semantics  |2 fast 
650 7 |a Philosophy  |2 fast 
650 7 |a Mathematics  |2 fast 
650 7 |a Logic  |2 fast 
650 7 |a Logic, Symbolic and mathematical  |2 fast 
650 7 |a Semantics (Philosophy)  |2 fast 
650 1 7 |a Metamathematica.  |2 gtt 
650 1 7 |a Logica.  |2 gtt 
650 1 7 |a Semantiek.  |2 gtt 
650 7 |a Logic.  |2 nli 
650 7 |a Semantics.  |2 nli 
650 7 |a Logic, Symbolic and mathematical.  |2 nli 
653 0 |a Logic, Symbolic and mathematical 
653 0 |a Semantics (Philosophy) 
700 1 |a Woodger. J. H.,  |e translator. 
758 |i has work:  |a Logic, semantics, metamathematics (Text)  |1 https://id.oclc.org/worldcat/entity/E39PCH7VHDtgkM8MHK6fpMvBHd  |4 https://id.oclc.org/worldcat/ontology/hasWork 
776 0 8 |i Online version:  |a Tarski, Alfred.  |t Logic, semantics, metamathematics.  |d Oxford, Clarendon Press, 1956  |w (OCoLC)608657654 
948 |h HELD BY TXA - 617 OTHER HOLDINGS 
994 |a Z0  |b TXA 
999 f f |s bd3aec29-2274-3cf1-8733-8931277055b6  |i ee1a6370-16c5-39b9-ba20-b6d82b9292cc  |t 0 
952 f f |p ric  |a Texas A&M University  |b Rellis Campus  |c Joint Library Facility  |d Remote Storage  |t 0  |e BC135 .T35  |h Library of Congress classification  |i unmediated -- volume  |m A14800531058 
998 f f |a BC135 .T35  |t 0  |l Remote Storage